Folded into a paper boat : (Record no. 4250)

MARC details
000 -LEADER
fixed length control field 00563cam a2200181 4500
001 - CONTROL NUMBER
control field 5085
005 - DATE AND TIME OF LATEST TRANSACTION
control field 20181127174743.0
008 - FIXED-LENGTH DATA ELEMENTS--GENERAL INFORMATION
fixed length control field 021025s1996 ii a b f001 0 eng
010 ## - LIBRARY OF CONGRESS CONTROL NUMBER
LC control number 2002294537
020 ## - INTERNATIONAL STANDARD BOOK NUMBER
International Standard Book Number 9789993689966
043 ## - GEOGRAPHIC AREA CODE
Geographic area code a-bt---
245 04 - TITLE STATEMENT
Title Folded into a paper boat :
Remainder of title a collection of poetry from Bhutan /
Statement of responsibility, etc. Edited by Dolma C. Roder, Kunzang Choki and Sonam Deki.
260 ## - PUBLICATION, DISTRIBUTION, ETC.
Place of publication, distribution, etc. Thimphu :
Name of publisher, distributor, etc. Riyang Books,
Date of publication, distribution, etc. 2015.
300 ## - PHYSICAL DESCRIPTION
Extent 55 p. ;
Other physical details
Dimensions 16 cm.
650 ## - SUBJECT ADDED ENTRY--TOPICAL TERM
Topical term or geographic name entry element Bhutanese poetry.
Form subdivision
General subdivision
Chronological subdivision
Geographic subdivision
Source of heading or term
Topical term or geographic name entry element Poetry.
Form subdivision
General subdivision
Chronological subdivision
Geographic subdivision
Source of heading or term
Topical term or geographic name entry element Tales
Geographic subdivision Bhutan.
Holdings
Withdrawn status Lost status Source of classification or shelving scheme Damaged status Not for loan Collection code Home library Current library Shelving location Serial Enumeration / chronology Inventory number Total Checkouts Full call number Barcode Date last seen Copy number Price effective from Koha item type Date acquired Date last checked out
    Dewey Decimal Classification     Main TEST RTC Library RTC Library Main opac 8342   895.12 ROD 30009645 27/11/2018 2 27/11/2018 Main    
    Dewey Decimal Classification     Main TEST RTC Library RTC Library Main opac 8341   895.12 ROD 30009667 27/11/2018 1 27/11/2018 Main    
    Dewey Decimal Classification     Main TEST RTC Library RTC Library Main opac 8343 2 895.12 ROD 30009657 08/03/2024 3 27/11/2018 Main 22/06/2021 22/06/2021
    Dewey Decimal Classification     Main TEST RTC Library RTC Library Main opac 14424   1 895.12 ROD 30014718 09/10/2024   23/01/2020 Main 23/01/2020 03/10/2024
Royal Thimphu College || All Right Reserved